| 000 | 00977cam a2200301 i 4500 | ||
|---|---|---|---|
| 001 | 13304 | ||
| 003 | Mx-PuUPA | ||
| 005 | 20250815100233.0 | ||
| 008 | 140415s2013 mx gr 000 0 spa d | ||
| 020 | _a9786079517847 | ||
| 040 |
_aMx-PuUPA _bspa _cMx-PuUPA _dMx-PuUPA _erda |
||
| 041 | 0 | _aspa | |
| 043 | 0 | _aspa | |
| 100 | 1 |
_aBeuchot, Mauricio, _d1950- _914180 _eautor |
|
| 245 | 1 | 0 |
_aHermenéutica analógica y ontología / _cMauricio Beuchot |
| 250 | _aPrimera edición | ||
| 264 | 1 |
_aCuernava, Morelos : _bCentro de Investigación y Docencia en Humanidades del Estado de Morelos, _c2013 |
|
| 300 |
_a164 páginas ; _c21 cm |
||
| 336 |
_2rdacontent _atexto _btxt |
||
| 337 |
_2rdamedia _asin medio _bn |
||
| 338 |
_2rdacarrier _avolumen _bnc |
||
| 650 | 7 |
_2armarc _aHermenéutica |
|
| 650 | 7 |
_2armarc _aOntología |
|
| 650 | 7 |
_2armarc _aOntología (metafísica) |
|
| 942 |
_2ddc _cLI _h121.68 _iB566 |
||
| 999 |
_c13304 _d13304 |
||